LEADER 00907cam0-2200313---450- 001 990005887410403321 005 20120404163806.0 010 $a2-07-074740-9 035 $a000588741 035 $aFED01000588741 035 $a(Aleph)000588741FED01 035 $a000588741 100 $a20000421d1996----km-y0itay50------ba 101 0 $afre 102 $aFR 105 $a--------001ay 200 1 $a<>San Felice$fAlexandre Dumas$gétablissement du texte, notes, postface, dictionnaire des personnages par Claude Schopp 210 $aParis$cGallimard$d1996 215 $a1709 p.$d21 cm 676 $a843.8 700 1$aDumas,$bAlexandre$f<1802-1870>$0176848 702 1$aSchopp,$bClaude 801 0$aIT$bUNINA$gRICA$2UNIMARC 901 $aBK 912 $a990005887410403321 952 $a843.8 DUMAS 2(1)$bDip.f.m.10447$fFLFBC 959 $aFLFBC 996 $aSan Felice$925671 997 $aUNINA LEADER 00965nam--2200325---450- 001 990003499160203316 005 20110221091632.0 035 $a000349916 035 $aUSA01000349916 035 $a(ALEPH)000349916USA01 035 $a000349916 100 $a20110221d1933----km-y0itay50------ba 101 $aita 102 $aIT 105 $aa---||||001yy 200 1 $aChirurgia comune e di urgenza$e(dettagli di tecnica)$fUmberto Nobili 210 $aBologna$cLibrerie italiane riunite$dstampa 1933 215 $a319 p.$cill.$d19 cm 300 $aSul front.: 320 pagine con 197 fotografie e disegni 606 0 $aChirurgia d'urgenza$2BNCF 676 $a617.026 700 1$aNOBILI,$bUmberto$0609460 801 0$aIT$bsalbc$gISBD 912 $a990003499160203316 951 $aFDC 264$b781 Med.$cFDC 959 $aBK 969 $aMED 979 $aCIANATIEMP$b90$c20110221$lUSA01$h0916 996 $aChirurgia comune e di urgenza$91111519 997 $aUNISA